MARC

LEADER 00000nam0a2200000 4500
001 279766
005 20231101235236.0
035 |a (RuTPU)RU\TPU\book\303071 
035 |a RU\TPU\book\303070 
090 |a 279766 
100 |a 20141223d1976 k y0rusy50 ca 
101 0 |a rus 
102 |a UA 
105 |a a z 001zy 
200 1 |a Вопросы прикладной геохимии и петрофизики  |e сборник статей  |f Киевский государственный университет им. Т. Г. Шевченко ; под ред. М. И. Толстого 
210 |a Киев  |c Вища школа  |d 1976 
215 |a 129 с.  |c ил. 
320 |a Библиография в конце статей 
606 1 |a Геохимия прикладная  |2 stltpush  |3 (RuTPU)RU\TPU\subj\6303  |9 34226 
606 1 |a Петрофизика  |2 stltpush  |3 (RuTPU)RU\TPU\subj\48713  |9 67559 
610 1 |a геохимические аномалии 
610 1 |a свинец 
610 1 |a изотопы 
610 1 |a ртуть 
610 1 |a иод 
610 1 |a кристаллические породы 
610 1 |a пористые среды 
610 1 |a математические методы 
610 1 |a расчет 
610 1 |a магматические породы 
675 |a 550.84  |v 3 
675 |a 552.1  |v 3 
702 1 |a Толстой  |b М. И.  |4 340 
712 0 2 |a Киевский государственный университет им. Т. Г. Шевченко  |2 stltpush  |3 (RuTPU)RU\TPU\col\12766  |9 25523 
801 1 |a RU  |b 63413507  |c 20141223 
801 2 |a RU  |b 63413507  |c 20210521  |g RCR 
942 |c BK